00605nam a2200205 a 450000100060000000300090000600800410001502000150005604000280007104100120009908200150011124500250012624600630015126000410021430000240025549000580027950000180033752100190035565000250037426752CO-ViMGA141112s2004 ck r 000 u spa d a9806437454 aCO-ViMGAbspacCO-ViMGA aspa fre04a612.87 G8710aEl gusto y el olfato aEl gusto y el olfato : experimentos fáciles y divertidos aMaracay : bPlayco Editores, cc2003 a83 p. : il. ; 18 cm aCiencia de bolsillo. Los pequeños científicos ; 3 a8 a 12 años a8 - 12 años.14aGusto - Experimentos